World Archipelagos (Memory List) - Statistics

General Stats
  • This quiz has been taken 10 times
  • The average score is 30 of 119
Answer Stats
Answer % Correct
Cape Verde
89%
Comoros
78%
Maldives
78%
Philippines
78%
Canary
67%
Galapagos
67%
Kuril
67%
Madeira
67%
Polynesia
67%
Seychelles
67%
South Sandwich
67%
Aland Islands
56%
Aleutian
56%
Andaman
56%
Azores
56%
Bahamas
56%
Balearic Islands
56%
British Isles
56%
Greater Antilles
56%
Ionian
56%
Melanesia
56%
Micronesia
56%
Novaya Zemlya
56%
Svalbard
56%
Tierra del Fuego
56%
Channel
44%
Franz Joseph Land
44%
Greater Sunda
44%
Leeward Islands
44%
Lesser Sunda
44%
Malay
44%
New Siberian Islands
44%
Nicobar
44%
Ryukyu
44%
Dodecanese
33%
Florida Keys
33%
Hawaiian
33%
Kerguelen
33%
Lakshadweep
33%
Malta
33%
Orkney
33%
Shetland
33%
Socotra
33%
Turks and Caicos
33%
Windward Islands
33%
ABC Islands
22%
Alexander
22%
Bermuda
22%
Falklands
22%
Faroe
22%
Frisian Islands
22%
Hebrides
22%
Japanese Archipelago
22%
Leeward Antilles
22%
Severnaya Zemlya
22%
South Shetland
22%
Tristan
22%
Tyrrhenian
22%
Arctic Archipelago
11%
Bight of Bonny
11%
Channel Islands
11%
Cyclades
11%
Danish Isles
11%
Isles of Scilly
11%
Maluku
11%
Mascarene Islands
11%
North Aegean Islands
11%
Nusa Tenggara
11%
Ogasawara
11%
Outer Hebrides
11%
Queen Elizabeth Islands
11%
Saronic
11%
South Orkney
11%
Sporades
11%
Andros and Tinos
0%
Argosaronic
0%
Belcher Islands
0%
Cagayan
0%
Calamian
0%
Chiloe Archipelago
0%
Crozet
0%
Dhalak Islands
0%
Fernando de Noronha
0%
Furneaux Group
0%
Gotska Sandon
0%
Guaitecas Archipelago
0%
Heard Islands
0%
Juan Fernandez Islands
0%
Karimunjava
0%
Kornati
0%
Langkawi
0%
Lofoten Islands
0%
Long Island Archipelago
0%
Magdalen Islands
0%
Marajo
0%
Mergui
0%
Mergui Islands
0%
Moonsund
0%
Nanpo
0%
Outer Islands
0%
Paracel Islands
0%
Petagonic
0%
Pine Islands
0%
Queen Charlotte Islands
0%
Riau Islands
0%
San Juan and Gulf
0%
Stockholm Islands
0%
Sulu
0%
Sverdrup
0%
Tanimbar
0%
Tuscan Islands
0%
Venice Islands
0%
Visayas
0%
West Indies
0%
Wrangel Islands
0%
No matching quizzes found
Score Distribution
Percent of People with Each Score
Percentile by Number Answered
Your Score History
You have not taken this quiz